000 nam a22 7a 4500
999 _c9976
_d9976
008 180209b ||||| |||| 00| 0 eng d
100 _aBaxter, N
_96018
245 _aLittle Red Riding Mood
260 _aLondon
_bLadybird Publication
_c1993